Soccer Players by Letter - D - Statistics

General Stats
  • This quiz has been taken 616 times
  • The average score is 10 of 12
Answer Stats
Picture Answer % Correct
Kevin De Bruyne
99%
Ángel Di María
98%
David De Gea
95%
Didier Drogba
95%
Gianluigi Donnarumma
94%
Paulo Dybala
91%
Frenkie de Jong
89%
Edgar Davids
77%
Marcel Desailly
72%
Deco
68%
Alfredo Di Stéfano
62%
Kenny Dalglish
56%
No matching quizzes found
Score Distribution
Percent of People with Each Score
Percentile by Number Answered
Your Score History
You have not taken this quiz